| 000 | 02335nas a22003495i 4500 | ||
|---|---|---|---|
| 001 | 1573-7640 | ||
| 003 | DE-He213 | ||
| 005 | 20200203194250.0 | ||
| 007 | cr nn 008mamaa | ||
| 008 | 150723s||||||||xxuuu poo|||||| b|EN |d | ||
| 022 | _a1573-7640 | ||
| 024 | 7 |
_a10.1007/10766.1573-7640 _2doi |
|
| 210 | 1 | 0 | _aInt J Parallel Prog |
| 245 | 1 | 0 |
_aInternational Journal of Parallel Programming _h[electronic resource] / _cedited by Alexandru Nicolau. |
| 247 | 0 | 0 | _aInternational journal of computer and information sciences |
| 264 | 1 |
_aNew York : _bSpringer US : _bImprint: Springer. |
|
| 300 | _bonline resource. | ||
| 520 | _aInternational Journal of Parallel Programming, one of the oldest journals in the field, published continuously for over 25 years, is a forum for the publication of peer-reviewed, high-quality original papers in computer science, focusing specifically on parallel computing systems. Such systems are characterized by the coexistence over time of multiple coordinated activities. The journal publishes both original research and survey papers. Fields of interest include: embedded systems to high performance supercomputing, high-level languages, optimizations, parallel and distributed systems, programming support systems, pragmatic considerations, architectural characteristics, software engineering aspects, advances in parallel algorithms, performance studies, and application studies that significantly advance the state of the art. | ||
| 650 | 0 | _aMicroprocessors. | |
| 650 | 0 | _aSoftware engineering. | |
| 650 | 0 | _aComputers. | |
| 650 | 1 | 4 |
_aTheory of Computation. _0http://scigraph.springernature.com/things/product-market-codes/I16005 |
| 650 | 2 | 4 |
_aProcessor Architectures. _0http://scigraph.springernature.com/things/product-market-codes/I13014 |
| 650 | 2 | 4 |
_aSoftware Engineering/Programming and Operating Systems. _0http://scigraph.springernature.com/things/product-market-codes/I14002 |
| 700 | 1 |
_aNicolau, Alexandru. _eeditor. _4edt _4http://id.loc.gov/vocabulary/relators/edt |
|
| 710 | 2 | _aSpringerLink (Online service) | |
| 776 | 0 | 8 |
_iPrinted version: _x0885-7458 |
| 856 | 4 | 0 |
_uhttps://doi.org/10.1007/10766.1573-7640 _zHybrid |
| 999 |
_c456688 _d456688 |
||
| 942 | _cEMG | ||